| 000 | 00677nam a2200229Ia 4500 | ||
|---|---|---|---|
| 001 | 15674 | ||
| 003 | GE_BSU | ||
| 008 | 181216s||||||||xx |||||||||||||| ||und|| | ||
| 040 | _cGE_BSU | ||
| 080 | _a821.353.1-32 | ||
| 100 | _aჩიქოვანი, გ. | ||
| 245 | _aმაია | ||
| 245 | _bმოთხრობები | ||
| 245 | _cრედ.ნ.კალანდარიშვილი. მხ. გ.იაშვილი | ||
| 260 | _aთბილისი | ||
| 260 | _bსაბლიტგამი | ||
| 260 | _c1959 | ||
| 300 | _a304გვ. : ილ. ; 22სმ | ||
| 653 | _aმაია | ||
| 653 | _aმოთხრობები | ||
| 942 | _cBK | ||
| 999 |
_c48773 _d48773 |
||